Compendio di anatomia topografica; (Record no. 38106)

MARC details
000 -LEADER
fixed length control field 00608cam a22002051 4500
001 - CONTROL NUMBER
control field med47000518
003 - CONTROL NUMBER IDENTIFIER
control field DLC
005 - DATE AND TIME OF LATEST TRANSACTION
control field 20260227111559.0
008 - FIXED-LENGTH DATA ELEMENTS--GENERAL INFORMATION
fixed length control field 821218s1940 xx a 000 0 ita
010 ## - LIBRARY OF CONGRESS CONTROL NUMBER
LC control number med47000518
035 ## - SYSTEM CONTROL NUMBER
System control number (OCoLC)14725912
040 ## - CATALOGING SOURCE
Original cataloging agency DLC
Transcribing agency DNLM
Modifying agency DLC
042 ## - AUTHENTICATION CODE
Authentication code premarc
050 00 - LIBRARY OF CONGRESS CALL NUMBER
Classification number QM531
Item number .F38
060 0# - NATIONAL LIBRARY OF MEDICINE CALL NUMBER
Classification number WO 101
Item number F287c 1940
100 1# - MAIN ENTRY--PERSONAL NAME
Personal name Fazzari, Ignazio.
245 10 - TITLE STATEMENT
Title Compendio di anatomia topografica;
Statement of responsibility, etc. prefazione del prof. F. Schupfer ... Con 510 figure in nero e a colori.
260 ## - PUBLICATION, DISTRIBUTION, ETC.
Place of publication, distribution, etc. Milano,
Name of publisher, distributor, etc. Società editrice libraria,
Date of publication, distribution, etc. 1940.
300 ## - PHYSICAL DESCRIPTION
Extent xv, 621 p.
Other physical details ill.

No items available.

Powered by Koha